[Event "Runavik Open 2018"]
[Site "Runavik"]
[Date "2018.11.14"]
[Round "3"]
[White "Petersen, Elias"]
[Black "Tummasarson, Flovin M."]
[Result "0-1"]
[WhiteElo "1045"]
[BlackElo "1378"]
[Annotator "NA RC"]
[PlyCount "116"]
[EventDate "2018.11.12"]
[EventType "swiss"]
[EventCountry "FAI"]
[SourceTitle "playchess.com"]
[Source "ChessBase"]
[SourceQuality "1"]
[TimeControl "40/5400+30:900+30"]

1. e4 {[%emt 0:00:00]} e5 {[%emt 0:00:00]} 2. Nf3 {[%emt 0:00:00]} Nc6 {[%emt 0:00:30]} 3. Bb5 {[%emt 0:01:17]} Bc5 {[%emt 0:01:03]} 4. O-O {[%emt 0:00:55]} Nd4 {[%emt 0:00:09]} 5. Nxd4 {[%emt 0:00:38]} Bxd4 {[%emt 0:00:09]} 6. c3 {[%emt 0:00:36]} Bb6 {[%emt 0:00:11]} 7. d4 {[%emt 0:00:40]} c6 {[%emt 0:00:25]} 8. Bc4 {[%emt 0:00:30]} d6 {[%emt 0:02:05]} 9. f4 {[%emt 0:02:29]} Nf6 {[%emt 0:05:19]} 10. fxe5 {[%emt 0:01:07]} dxe5 {[%emt 0:00:13]} 11. Bg5 {[%emt 0:00:59]} exd4 {[%emt 0:00:15]} 12. Kh1 {[%emt 0:01:02]} dxc3 {[%emt 0:00:25]} 13. Qxd8+ {[%emt 0:00:20]} Bxd8 {[%emt 0:00:12]} 14. Nxc3 {[%emt 0:00:27]} O-O {[%emt 0:01:06]} 15. Rad1 {[%emt 0:00:29]} Bg4 {[%emt 0:01:33]} 16. Rd2 {[%emt 0:00:50]} b5 {[%emt 0:00:58]} 17. Bb3 {[%emt 0:01:49]} b4 {[%emt 0:00:12]} 18. Na4 {[%emt 0:00:30]} Nxe4 {[%emt 0:00:19]} 19. Rd4 {[%emt 0:00:48]} Nxg5 {[%emt 0:06:47]} 20. Rxg4 {[%emt 0:00:20]} a5 {[%emt 0:04:32]} 21. Nc5 {[%emt 0:02:47]} Be7 {[%emt 0:15:04]} 22. Nd7 {[%emt 0:01:00]} Rfd8 {[%emt 0:00:56]} 23. Ne5 {[%emt 0:00:36]} Bf6 {[%emt 0:01:10]} 24. Nxf7 {[%emt 0:01:40]} Nxf7 {[%emt 0:00:24]} 25. Rxf6 {[%emt 0:00:20]} Ra7 {[%emt 0:03:10]} 26. h3 {[%emt 0:01:26]} Kf8 {[%emt 0:04:53]} 27. Rxc6 {[%emt 0:00:41]} g6 {[%emt 0:10:30]} 28. Rf4 {[%emt 0:01:40]} Rdd7 {[%emt 0:03:31]} 29. Rcf6 {[%emt 0:02:15]} Kg7 {[%emt 0:01:20]} 30. h4 {[%emt 0:01:10]} Nh6 {[%emt 0:01:56]} 31. h5 {[%emt 0:02:08]} Nf5 {[%emt 0:00:30]} 32. Rb6 {[%emt 0:00:52]} Ng3+ {[%emt 0:00:26]} 33. Kh2 {[%emt 0:00:29]} Nxh5 {[%emt 0:00:17]} 34. Rf3 {[%emt 0:00:37]} Rdb7 {[%emt 0:08:51]} 35. Rd6 {[%emt 0:01:38]} Rd7 {[%emt 0:02:21]} 36. Rb6 {[%emt 0:00:19]} Rd2 {[%emt 0:02:10]} 37. Rb8 {[%emt 0:00:48]} Rxb2 {[%emt 0:05:01]} 38. Rg8+ {[%emt 0:00:53]} Kh6 {[%emt 0:00:06]} 39. Rh8 {[%emt 0:00:39]} a4 {[%emt 0:02:01]} 40. Bc4 {[%emt 0:00:00]} Rb7 {[%emt 0:00:00]} 41. Rd3 {[%emt 0:04:54]} Nf4 {[%emt 0:05:55]} 42. Rg3 {[%emt 0:00:20]} Rc2 {[%emt 0:01:52]} 43. Bg8 {[%emt 0:01:43]} Nh5 {[%emt 0:05:48]} 44. Rf3 {[%emt 0:01:36]} Rbc7 {[%emt 0:01:01]} 45. Kh3 {[%emt 0:01:14]} Kg7 {[%emt 0:01:09]} 46. Rxh7+ {[%emt 0:00:17]} Kxg8 {[%emt 0:00:10]} 47. Rxc7 {[%emt 0:00:47]} Rxc7 {[%emt 0:00:05]} 48. g4 {[%emt 0:00:19]} Rc3 {[%emt 0:00:18]} 49. Rxc3 {[%emt 0:00:13]} bxc3 {[%emt 0:00:05]} 50. gxh5 {[%emt 0:00:09]} gxh5 {[%emt 0:00:18]} 51. Kh4 {[%emt 0:00:05]} c2 {[%emt 0:00:08]} 52. Kxh5 {[%emt 0:00:02]} c1=Q {[%emt 0:00:17]} 53. Kh4 {[%emt 0:00:13]} Qg1 {[%emt 0:00:10]} 54. a3 {[%emt 0:00:04]} Kf7 {[%emt 0:00:07]} 55. Kh3 {[%emt 0:00:14]} Kf6 {[%emt 0:00:16]} 56. Kh4 {[%emt 0:00:06]} Kf5 {[%emt 0:00:11]} 57. Kh3 {[%emt 0:00:10]} Kf4 {[%emt 0:00:07]} 58. Kh4 {[%emt 0:00:07]} Qh1# {[%emt 0:00:09]} 0-1

[Event "Runavik Open 2018"]
[Site "Runavik"]
[Date "2018.11.14"]
[Round "4"]
[White "Maiorov, Nikita"]
[Black "Sivuk, Vitaly"]
[Result "1/2-1/2"]
[WhiteElo "2510"]
[BlackElo "2551"]
[Annotator "TA"]
[PlyCount "61"]
[EventDate "2018.11.12"]
[EventType "swiss"]
[EventCountry "FAI"]
[SourceTitle "playchess.com"]
[Source "ChessBase"]
[SourceQuality "1"]

{[%evp 20,61,23,27,20,13,16,0,0,0,0,0,0,0,0,0,0,0,0,0,0,-28,-28,-28,-28,-30,-18,-14,-19,-14,-6,-6,0,-4,-5,-6,-6,-6,-5,-5,-6,-13,-14,-14]} 1. d4 Nf6 2. c4 g6 3. g3 c6 4. Nf3 Bg7 5. Bg2 d5 6. cxd5 cxd5 7. Nc3 Ne4 {D73: Fianchetto Grünfeld: 5 Nf3} 8. Qa4+ Nc6 9. Ne5 Nxc3 10. bxc3 Bxe5 (10... O-O 11. Nxc6 bxc6 12. O-O Qb6 13. Ba3 Qa6 14. Qxa6 Bxa6 15. Rfb1 Rfb8 16. Bxe7 Bxe2 17. Bd6 Rd8 18. Bc7 Rdc8 19. Bd6 Rd8 20. Bc7 Rdc8 21. Bd6 {½-½ (21) Cori Tello,J (2664)-Nepomniachtchi,I (2768) Batumi 2018}) 11. dxe5 {LiveBook: 3 Games} Be6 12. Rb1 Qd7 13. Bh6 $146 (13. Qb5 {feels hotter.} Nxe5 14. Qxb7 Rc8 15. O-O f6 16. Rd1) ({Predecessor:} 13. Qb5 Nxe5 14. Qxd7+ Nxd7 15. Rxb7 O-O 16. Ba3 Rfc8 17. Kd2 Nb6 18. Bxe7 Rc6 19. Rd1 Bc8 20. Rxb6 Rxb6 21. Bxd5 Rab8 {½-½ (21) Glatthaar,M (2405)-Serradimigni,R (2500) ICCF email 2015}) 13... Nxe5 14. Qxd7+ Nxd7 15. Rxb7 f6 $1 16. Be3 Kf7 17. O-O Rhc8 18. Rd1 Nc5 19. Rb4 Ne4 $1 20. Bxe4 (20. c4 $5 Nc3 21. cxd5 Nxd1 22. dxe6+ Kxe6 23. Bxa8 Nxe3 24. Re4+ Kd6 25. Rxe3 Rxa8 26. f3 $11) 20... dxe4 21. Rxe4 Rxc3 22. Ra4 Rc2 23. Rd2 {The position is equal.} Rxd2 24. Bxd2 $11 {[%mdl 4096] Endgame KRB-KRB} a6 25. f3 Rc8 26. a3 {[%cal Ba2a3,Ba3a4,Ba4a5][%mdl 32]} Rc2 27. Rd4 Ra2 28. a4 $1 Bb3 29. a5 $1 Ba4 30. f4 Bb5 31. Kf2 {Precision: White = 56%, Black = 76%.} 1/2-1/2

[Event "Runavik Open 2018"]
[Site "Runavik"]
[Date "2018.11.14"]
[Round "4"]
[White "Karpatchev, Aleksandr"]
[Black "Schadd, Jan"]
[Result "1-0"]
[WhiteElo "2416"]
[BlackElo "1842"]
[Annotator "TA"]
[PlyCount "47"]
[EventDate "2018.11.12"]
[EventType "swiss"]
[EventCountry "FAI"]
[SourceTitle "playchess.com"]
[Source "ChessBase"]
[SourceQuality "1"]

{[%evp 28,47,10,14,21,10,18,12,43,49,64,61,75,64,89,52,78,74,79,35,595,588]} 1. e4 e6 2. d4 d5 3. Nd2 c5 4. Ngf3 cxd4 5. exd5 Qxd5 6. Bc4 Qd6 7. O-O Nf6 8. Nb3 Nc6 9. Nbxd4 Nxd4 10. Nxd4 a6 11. Re1 Be7 12. c3 O-O 13. Qf3 Qc7 14. Bb3 {C07: Französische Verteidigung (Tarrasch-Variante)} Bd6 15. h3 {LiveBook: 3 Partien} e5 (15... Bh2+ 16. Kh1 Be5 17. Be3 Bd7 18. Rad1 Rfd8 19. Rd2 Be8 20. Red1 Qe7 {0-1 (73) Giri,A (2720)-Ding,L (2702) Beijing 2012}) 16. Nc2 {[%cal Bd4c2,Bc2e3,Be3d5,Bd5f4][%mdl 32] Die Stellung ist ausgeglichen.} e4 17. Qe2 Bf5 18. Bg5 Nd7 19. Ne3 Bg6 20. Nd5 $146 ({Vorgänger:} 20. Rad1 Ne5 21. Nd5 Qc5 {0-1 (45) Avelino,C (1609)-Rzali,S (1792) Mamaia 2017}) 20... Qc5 21. Qe3 Rfe8 22. Rad1 Rac8 23. Nf4 Qe5 $2 {[%mdl 8192] [#]} (23... Qxe3 $14 24. fxe3 (24. Rxe3 Bxf4 25. Bxf4 Nc5 $11) 24... Bxf4 25. Bxf4 Nc5) 24. Rd5 1-0

[Event "Runavik Open 2018"]
[Site "Runavik"]
[Date "2018.11.14"]
[Round "4"]
[White "Nielsen, Hogni Egilstoft"]
[Black "Skaale, Janus"]
[Result "1-0"]
[WhiteElo "2400"]
[BlackElo "1839"]
[Annotator "TA"]
[PlyCount "89"]
[EventDate "2018.11.12"]
[EventType "swiss"]
[EventCountry "FAI"]
[SourceTitle "playchess.com"]
[Source "ChessBase"]
[SourceQuality "1"]

{[%evp 14,88,18,-31,31,16,45,49,83,4,16,-4,0,4,6,0,6,0,0,-3,0,-9,-3,-8,0,0,10,-8,0,0,18,-14,0,-5,0,0,4,0,3,0,0,0,26,35,75,77,70,72,63,66,65,27,29,30,45,36,143,142,151,158,204,160,163,168,574,547,453,457,29995,29996,29996,29997,29997,29998,29998,29999,29999]} 1. e4 c5 2. c3 d5 3. exd5 Qxd5 4. d4 cxd4 5. cxd4 Nc6 6. Nf3 Bg4 7. Be2 e6 8. h3 {LiveBook: 79 Games} Bf5 {B22: Sicilian: 2 c3} (8... Bxf3 $15 9. Bxf3 Qc4) (8... Bh5 9. O-O Nf6 10. Nc3 Qa5 11. a3 Be7 12. Be3 O-O 13. b4 Qd8 14. Qd2 Rc8 15. Rac1 Nd5 16. Nxd5 Qxd5 17. b5 Bxf3 18. gxf3 Nb8 19. a4 Nd7 20. Rxc8 Rxc8 21. Rc1 Rxc1+ 22. Qxc1 {½-½ (30) Khamrakulov,I (2604)-Ubilava,E (2551) Navalmoral 2007}) 9. Nc3 $14 Bb4 10. O-O Qd7 {White is slightly better.} 11. Bb5 $146 (11. d5 $16 exd5 12. Nxd5) ({Predecessor:} 11. Qb3 Nf6 12. Bb5 Be7 13. Ne5 Qc7 14. Bf4 Bd6 15. g4 Bg6 16. Rac1 O-O 17. Bxc6 bxc6 18. Nb5 Qb6 19. Nxd6 Qxd4 20. Nxg6 hxg6 21. Rc4 {1-0 (21) Balkova,A (1970)-Hruska,O Czechia 2004}) 11... Nge7 $1 $11 12. Qa4 {Strongly threatening Ne5.} Bxc3 13. bxc3 O-O 14. Ne5 Qc7 15. Nxc6 Nxc6 16. Ba3 Rfc8 17. Rac1 a6 18. Be2 Qf4 19. Qd1 Rd8 20. Bf3 Rac8 21. Qe2 b5 (21... h6 {feels hotter.} 22. Bc5 Qc7 23. Rfe1 Na5 24. Bb4 Nc4) 22. Qe3 (22. Rfe1 {is more complex.} b4 23. Bxc6 bxa3 24. d5 Rb8 25. Rcd1) 22... Qxe3 23. fxe3 Bd3 24. Rf2 Bc4 25. Rd1 f6 26. Rfd2 Kf7 27. e4 {[%cal Be3e4,Be4d5][%mdl 32]} h6 28. Bg4 Rb8 29. d5 exd5 30. exd5 Ne5 31. Be6+ $1 Kg6 32. Bb4 Rb7 33. Ba5 $36 {[%mdl 2048] Black is under pressure.} Rd6 34. Kf2 Nd7 (34... h5 $14) 35. Bb4 $16 Rdb6 36. g4 h5 37. Kg3 hxg4 38. hxg4 ({Don't do} 38. Bxg4 $6 f5 $14) 38... Ra7 $2 (38... Rxe6 39. dxe6 Bxe6) 39. Bf5+ $18 Kf7 {[#]} 40. Re1 $1 {[%cal Re1e7] Threatening mate with Re7+.} Rbb7 (40... Ne5 $18 41. Bc5 Rbb7) 41. Re7+ {White mates.} Kg8 42. Be6+ Kh7 43. Rh2+ Kg6 44. Bf5+ Kg5 45. Rh5# {Precision: White = 64%, Black = 28%.} 1-0

[Event "Runavik Open 2018"]
[Site "Runavik"]
[Date "2018.11.14"]
[Round "4"]
[White "Olsen, Kaj"]
[Black "Pinheiro Diamant, Jonatan"]
[Result "1/2-1/2"]
[WhiteElo "1718"]
[BlackElo "1789"]
[Annotator "NA RC"]
[PlyCount "74"]
[EventDate "2018.11.12"]
[EventType "swiss"]
[EventCountry "FAI"]
[SourceTitle "playchess.com"]
[Source "ChessBase"]
[SourceQuality "1"]
[TimeControl "40/5400+30:900+30"]

1. e4 e5 2. Nf3 Nc6 3. Bb5 a6 4. Ba4 Nf6 5. O-O Be7 6. Re1 b5 7. Bb3 d6 8. h3 Na5 9. c3 Nxb3 10. axb3 O-O 11. d4 exd4 12. Nxd4 Bd7 13. Nd2 Re8 14. Nf1 Bf8 15. Ng3 g6 16. Qd3 c5 17. Nf3 Bc6 18. Bf4 Ra7 19. c4 Qe7 20. e5 Bxf3 21. Qxf3 dxe5 22. Rxe5 Qd7 23. Rxe8 Qxe8 24. Qd3 Rd7 25. Qc3 Rd4 26. Be3 Ne4 27. Nxe4 Rxe4 28. Rxa6 b4 29. Qd2 Qc8 30. Ra5 Qc7 31. Rb5 Bd6 32. Kf1 Re5 33. Bf4 Re6 34. Bxd6 Rxd6 35. Qe2 Re6 36. Qd2 Rd6 37. Qe2 Re6 1/2-1/2

[Event "Runavik Open 2018"]
[Site "Runavik"]
[Date "2018.11.14"]
[Round "4"]
[White "Markensten, Max"]
[Black "Tummasarson, Flovin M."]
[Result "1-0"]
[WhiteElo "1660"]
[BlackElo "1378"]
[Annotator "NA RC"]
[PlyCount "59"]
[EventDate "2018.11.12"]
[EventType "swiss"]
[EventCountry "FAI"]
[SourceTitle "playchess.com"]
[Source "ChessBase"]
[SourceQuality "1"]
[TimeControl "40/5400+30:900+30"]

1. d4 d5 2. c4 e6 3. Nc3 Nf6 4. cxd5 exd5 5. Bg5 Nbd7 6. e3 c6 7. Bd3 Be7 8. Nge2 O-O 9. O-O b6 10. Qc2 Bb7 11. a3 c5 12. dxc5 bxc5 13. Rfd1 h6 14. Bh4 Re8 15. Rac1 Qc7 16. Bg3 Bd6 17. Nb5 Qc6 18. Nxd6 Re6 19. Nxb7 Qxb7 20. Nf4 Rb6 21. Qc3 c4 22. Be2 Rxb2 23. Bf3 Rb3 24. Nxd5 Rxc3 25. Nxf6+ Nxf6 26. Bxb7 Rxc1 27. Rxc1 Rd8 28. a4 c3 29. Ba6 Rd7 30. Rxc3 1-0

[Event "Runavik Open 2018"]
[Site "Runavik"]
[Date "2018.11.14"]
[Round "4"]
[White "Jacobsen, Markus"]
[Black "Berg, Margar M."]
[Result "0-1"]
[WhiteElo "1076"]
[BlackElo "1852"]
[Annotator "NA RC"]
[PlyCount "82"]
[EventDate "2018.11.12"]
[EventType "swiss"]
[EventCountry "FAI"]
[SourceTitle "playchess.com"]
[Source "ChessBase"]
[SourceQuality "1"]
[TimeControl "40/5400+30:900+30"]

1. e4 c5 2. Nf3 d6 3. d4 cxd4 4. Nxd4 Nf6 5. Nc3 a6 6. Bg5 e6 7. Bc4 Be7 8. O-O Nxe4 9. Nxe4 Bxg5 10. Nxg5 Qxg5 11. Nf3 Qc5 12. Bd3 Nd7 13. Re1 Nf6 14. h3 O-O 15. c3 b5 16. Qc2 Bb7 17. b4 Qh5 18. Be2 Rac8 19. Nd4 Qg6 20. Qxg6 hxg6 21. Rac1 Bd5 22. a4 Bc4 23. Bxc4 bxc4 24. b5 axb5 25. Nxb5 Rc6 26. Red1 d5 27. Ra1 Ra8 28. Rdb1 Ne4 29. Rb2 f5 30. Rba2 Ra5 31. f3 Nc5 32. Nd4 Rb6 33. g4 Kf7 34. Kg2 Rba6 35. Kg3 Rxa4 36. Rxa4 Rxa4 37. Rxa4 Nxa4 38. h4 Nxc3 39. h5 gxh5 40. gxf5 e5 41. Nc6 Kf6 0-1

[Event "Runavik Open 2018"]
[Site "Runavik"]
[Date "2018.11.14"]
[Round "4"]
[White "Petersen, Elias"]
[Black "Fjallheim, Benjamin Reinert"]
[Result "0-1"]
[WhiteElo "1045"]
[BlackElo "1340"]
[Annotator "NA RC"]
[PlyCount "94"]
[EventDate "2018.11.12"]
[EventType "swiss"]
[EventCountry "FAI"]
[SourceTitle "playchess.com"]
[Source "ChessBase"]
[SourceQuality "1"]
[TimeControl "40/5400+30:900+30"]

1. e4 e5 2. Nf3 Nc6 3. Bc4 Bc5 4. O-O d6 5. h3 Nf6 6. Re1 Be6 7. Bxe6 fxe6 8. c3 O-O 9. d4 exd4 10. cxd4 Bb4 11. Nc3 e5 12. dxe5 dxe5 13. Bd2 Qe7 14. a3 Bxc3 15. Bxc3 Kh8 16. Rc1 Nd7 17. Kh1 Rad8 18. b4 Nb6 19. Qc2 Rf7 20. Qa2 Rd7 21. Qa1 Nc4 22. b5 N6a5 23. Bxa5 Nxa5 24. Nxe5 Nb3 25. Nxf7+ Qxf7 26. Qb2 Nxc1 27. Rxc1 Qf4 28. g3 Qxe4+ 29. Kh2 h6 30. Qc3 Qe2 31. Qc5 Rf7 32. Kg1 b6 33. Qd4 Qxb5 34. Re1 Qf5 35. g4 Qf3 36. a4 c5 37. Qd2 Qxh3 38. Re8+ Kh7 39. Qc2+ g6 40. Qc4 Qf3 41. Qa2 Qxg4+ 42. Kf1 Qd7 43. Rc8 Qd1+ 44. Kg2 Qg4+ 45. Kf1 Kg7 46. Qb2+ Qd4 47. Qe2 h5 0-1

[Event "Runavik Open 2018"]
[Site "Runavik"]
[Date "2018.11.15"]
[Round "5"]
[White "Korneev, Oleg"]
[Black "Karpatchev, Aleksandr"]
[Result "1-0"]
[WhiteElo "2551"]
[BlackElo "2416"]
[Annotator "TA"]
[PlyCount "123"]
[EventDate "2018.11.12"]
[EventType "swiss"]
[EventCountry "FAI"]
[SourceTitle "playchess.com"]
[Source "ChessBase"]
[SourceQuality "1"]

{[%evp 32,123,44,43,79,56,76,56,55,50,124,118,121,107,114,116,116,116,116,116,121,114,114,118,110,122,116,119,104,56,75,64,74,71,89,95,97,95,141,137,135,136,170,187,163,129,201,200,191,200,199,145,188,182,157,130,145,0,0,0,0,0,0,0,0,0,0,0,0,0,831,943,860,790,615,643,649,535,5601,8731,12840,12839,12839,12835,12835,12837,12837,12838,12838,12837,12847,12847,12847,12848]} 1. e4 e5 2. Nf3 Nc6 3. Bb5 a6 4. Ba4 Nf6 5. O-O Be7 6. d3 d6 7. c3 O-O 8. h3 b5 9. Bc2 Bb7 10. Nbd2 Nb8 {[%cal Bc6b8,Bb8d7,Bd7b6][%mdl 32]} 11. Re1 Nbd7 12. Nf1 Re8 13. Ng3 Bf8 14. d4 g6 15. a4 Bg7 16. d5 Nb6 {C95: Closed Ruy Lopez: Breyer Variation with 10 d4} (16... Qb8 17. b3 c6 18. c4 bxc4 19. bxc4 a5 20. Ba3 Bf8 21. Ne2 Qc7 22. Nc3 Ba6 23. Bb3 Nc5 24. Bxc5 dxc5 {½-½ (45) Shirov,A (2741)-Roiz,M (2680) Cala Mayor 2008}) 17. a5 {LiveBook: 4 Games} Nc8 18. c4 c5 $146 {White is slightly better.} ({Predecessor:} 18... c6 19. cxb5 axb5 20. dxc6 Bxc6 21. b4 d5 22. Bg5 d4 23. Bd3 h6 24. Bd2 {1-0 (49) Giaccio,A (2481)-Soto Vega,J (2364) Sao Jose do Rio Preto 2004}) 19. b4 cxb4 20. Bd3 Nd7 (20... Na7 $14) 21. cxb5 $16 axb5 22. Bxb5 Ba6 23. Bxa6 Rxa6 24. Qa4 b3 25. Be3 b2 26. Ra2 Nc5 27. Bxc5 dxc5 28. Qb5 Ra8 29. a6 Nd6 30. Qxc5 {Hoping for Rb1.} Bh6 31. Rxb2 {Strongly threatening Ra1.} Rxa6 32. Reb1 {Threatens to win with Nxe5.} Bf4 33. Rb4 Bxg3 34. fxg3 {Black must now prevent Nxe5!} Ra8 35. g4 {[%cal Bg3g4,Bg4g5][%mdl 32]} h6 36. Qe3 Kh7 37. g5 $1 h5 38. Nd2 Rc8 (38... Qe7 $16 39. Nc4 Nxc4 40. Rxc4 Rec8 41. Rxc8 Rxc8) 39. Rb6 Re7 40. Kh2 Rec7 41. Qf2 (41. Ra1 $18) 41... Rc2 {[#]} 42. Rxd6 $1 Qxd6 43. Qxf7+ Kh8 44. Rb7 $40 {[%mdl 128] White attacks.} (44. Nf3 $16 {And now Nh4 would win.} R2c7 45. Qf6+ Qxf6 46. gxf6) 44... R2c7 $11 45. Rxc7 Rxc7 46. Qf6+ Qxf6 47. gxf6 {[%mdl 4096] Endgame KR-KN} Kg8 48. Nf3 Kf7 49. Nxe5+ Kxf6 50. Nc6 Rc8 $2 {[%mdl 8192]} (50... h4 $11) 51. e5+ $18 {White is clearly winning.} Kf7 52. Kg3 Ra8 {[#]} 53. Kf4 $1 Ra2 54. g4 hxg4 55. hxg4 g5+ 56. Ke4 Re2+ 57. Kd4 Rg2 58. e6+ {[%cal Be5e6,Be6e7][%mdl 32]} Kf6 59. e7 Kf7 60. d6 {[%cal Bd5d6,Bd6d7][%mdl 32]} Rxg4+ 61. Ke5 {White wants to mate with d7.} Rc4 62. d7 {Precision: White = 71%, Black = 48%.} 1-0

[Event "Runavik Open 2018"]
[Site "Runavik"]
[Date "2018.11.15"]
[Round "5"]
[White "Sivuk, Vitaly"]
[Black "Jacobsen, Heidrikur T."]
[Result "1-0"]
[WhiteElo "2551"]
[BlackElo "1935"]
[Annotator "TA"]
[PlyCount "41"]
[EventDate "2018.11.12"]
[EventType "swiss"]
[EventCountry "FAI"]
[SourceTitle "playchess.com"]
[Source "ChessBase"]
[SourceQuality "1"]

{[%evp 16,41,30,7,45,37,53,45,61,52,54,43,49,34,158,161,158,152,144,121,269,275,273,189,358,366,1083,1056]} 1. e4 d6 2. d4 g6 3. Bc4 Bg7 4. Nf3 Nf6 {[%cal Bg8f6,Bf6d5,Bd5f4][%mdl 32]} 5. Qe2 O-O 6. e5 dxe5 7. dxe5 Nd5 8. O-O c6 9. h3 {LiveBook: 75 Games} h6 {B04: Alekhine's Defence: 4 Nf3} (9... Be6 10. Nbd2 Nd7 11. Re1 a5 12. a3 b5 13. Ba2 Qb6 14. c4 Nc7 15. Nf1 b4 16. Ng3 b3 17. Bb1 {0-1 (41) Kovalenko,I (2668)-Anton Guijarro,D (2627) Almaty 2016}) 10. Re1 $146 ({Predecessor:} 10. Rd1 Qc7 11. Bxd5 cxd5 12. Nc3 e6 13. Nb5 Qe7 14. b3 {1-0 (57) Santos,C (2355)-Leonardo,J (2320) Loures 1997}) 10... Be6 11. Nbd2 Nf4 {White is slightly better.} 12. Qe4 Bxc4 $1 13. Nxc4 Ne6 14. Qh4 Kh7 (14... h5 $14) 15. Ng5+ $1 $16 Nxg5 16. Bxg5 f6 17. Be3 {Rad1 is the strong threat.} Qc7 (17... g5 $16 18. Qg3 Qc7) 18. exf6 $18 exf6 19. Rad1 Nd7 $2 {[#]} (19... b5 {might work better.}) 20. Bxh6 $1 {[%mdl 512] White threatens Re7 and mate.} Kg8 $2 (20... Ne5) (20... Bxh6 21. Re7+) 21. Bxg7 1-0

[Event "Runavik Open 2018"]
[Site "Runavik"]
[Date "2018.11.15"]
[Round "5"]
[White "Malakhatko, Vadim"]
[Black "Maiorov, Nikita"]
[Result "*"]
[WhiteElo "2545"]
[BlackElo "2510"]
[Annotator "TA"]
[PlyCount "34"]
[EventDate "2018.11.12"]
[EventType "swiss"]
[EventCountry "FAI"]
[SourceTitle "playchess.com"]
[Source "ChessBase"]
[SourceQuality "1"]

{[%evp 14,15,17,0]} 1. Nf3 Nf6 2. c4 b6 3. g3 Bb7 4. Bg2 e6 5. O-O Be7 6. d4 O-O 7. Nc3 Ne4 8. Bd2 {LiveBook: 1495 Games} {Predecessor:} c5 $146 9. Nxe4 Bxe4 10. Bc3 d5 11. cxd5 Qxd5 12. dxc5 Bxc5 13. Qxd5 Bxd5 14. Ne5 Bxg2 15. Kxg2 f6 16. Nd3 Na6 17. Nxc5 Nxc5 {½-½ (26) Tomashevsky,E (2702)-Ponkratov,P (2622) Biograd 2018} *

[Event "Runavik Open 2018"]
[Site "Runavik"]
[Date "2018.11.15"]
[Round "5"]
[White "Malakhatko, Vadim"]
[Black "Maiorov, Nikita"]
[Result "1/2-1/2"]
[WhiteElo "2545"]
[BlackElo "2510"]
[Annotator "TA"]
[PlyCount "74"]
[EventDate "2018.11.12"]
[EventType "swiss"]
[EventCountry "FAI"]
[SourceTitle "playchess.com"]
[Source "ChessBase"]
[SourceQuality "1"]

{[%evp 27,74,0,0,2,5,-13,-12,-31,-10,-27,-30,-39,-20,-54,-57,-48,-51,-78,-60,-46,-29,-55,-27,-56,0,-32,-29,-33,-33,-16,-31,-27,-30,-30,-29,-33,-34,-26,-22,-25,-24,-47,-43,-102,0,-14,0,-110,-106]} 1. Nf3 Nf6 2. c4 b6 3. g3 Bb7 4. Bg2 e6 5. O-O Be7 6. d4 O-O 7. Nc3 Ne4 8. Bd2 d5 9. cxd5 exd5 10. Rc1 Nd7 11. Bf4 Nxc3 12. Rxc3 c5 {E18: Queen's Indian: Old Main Line (4 g3 Bb7 5 Bg2 Be7 6 0-0 0-0 7 Nc3)} 13. dxc5 bxc5 14. Ne5 {[%cal Bf3e5,Be5d3,Bd3f4][%mdl 32]} (14. Rc1 Nf6 15. Bg5 Qb6 16. Qc2 Rfe8 17. Nd2 h6 18. Bxf6 Bxf6 19. e4 dxe4 20. Bxe4 Rad8 21. Bxb7 Qxb7 22. Nb3 Bd4 23. Nxc5 Bxc5 24. Qxc5 Qxb2 25. Qxa7 {½-½ (25) Aronian,L (2805)-Korobov,A (2652) Riadh 2017}) 14... Nb6 {LiveBook: 6 Games. The position is equal.} 15. Rc2 Re8 16. Qc1 $146 ({Predecessor:} 16. b3 Rc8 17. a4 Bf8 18. Qa1 Qe7 19. a5 Nd7 {0-1 (36) Garcia Padron,J (2435)-Gomez Esteban,J (2425) Mesa 1992}) 16... Bf8 17. h4 Qf6 18. Nd3 c4 19. Bg5 Qg6 ({Wrong is} 19... cxd3 $2 20. Bxf6 dxc2 21. Bc3 $18) 20. Nf4 Qf5 {[#] ...f6 is the strong threat.} 21. Nh3 $1 Bc5 22. b3 {[%cal Rb3c4]} Ba6 23. Kh2 h6 24. Bf4 Rad8 25. Ng1 Bf8 (25... Qf6 $15) 26. Bc7 (26. Rd1 {with more complications.} Qf6 27. e3 g5 28. Bc7 Rd7 29. Bxb6 axb6 30. hxg5 hxg5 31. Bxd5 cxb3 32. axb3 Red8 33. e4) 26... Ra8 27. Bxb6 axb6 28. bxc4 Bxc4 29. Rxc4 dxc4 30. Bxa8 Rxa8 31. Qxc4 b5 32. Qb3 b4 33. Nf3 Ra3 34. Qc4 Rc3 $36 {[%mdl 3072] Black has compensation. Black has the initiative.} 35. Qa6 (35. Qf4 $15 Qe6 36. Nd4 Qxa2 37. Rd1) 35... Ra3 (35... Qd5 $17 {Threatening ...Ra3.} 36. Qa4 Ra3) 36. Qc4 $11 Rc3 ({Better is} 36... Qc5 $11 37. Qxc5 Bxc5) 37. Qa6 $17 Qd5 {Accuracy: White = 47%, Black = 74%.} 1/2-1/2